Normal view
MARC view
- Scotton, Rob
Entry Nombre Personal
001 - NUMERO DE CONTROL
- campo de control: 36850
003 - IDENTIFICADOR DE NUMERO DE CONTROL
- campo de control: UPN
005 - FECHA Y HORA DE LA ÜLTIMA TRANSACCIÓN
- campo de control: 20210219194518.0
008 - DATOS DE LONGITUD FIJA
- campo de control de longitud fija: nabaccnnaabn|||||||||| b |nc|||||d
035 ## - NUMERO DE CONTROL
- Número de control: UPN11000008957
040 ## - FUENTE DE CATALOGACIÓN
- Lenguaje de catalogación: SPA
- Agencia de transcripción: UPN
100 1# - ENCABEZAMIENTO - NOMBRE PERSONAL
- Nombre personal: Scotton, Rob
- Fechas asociadas con el nombre: 1960-
670 ## - FUENTE EN LA QUE SE LOCALIZARON DATOS
- Cita de la fuente: LC
680 ## - NOTA PUBLICA DE ACCESO PÚBLICO
- Frase explicativa de la referencia: Nació en Inglaterra. Es el autor e ilustrador de la Russell éxito de ventas la oveja y Russell y el tesoro perdido. Su trabajo también se puede encontrar en tarjetas de felicitación, cerámica, textiles, grabados, papelería y material de vidrio. Un graduado con honores de Leicester Politécnica, Rob ahora vive en Rutland, Inglaterra, con su esposa, Liz, que es también un artista.
902 ## - CATALOGADOR
- Catalogador: MITM/210415
